U.S. States with the Largest Swedish Populations - Statistics

General Stats
  • This quiz has been taken 210 times
  • The average score is 8 of 10
Answer Stats
Rank Swedish Population State % Correct
8 133,788 New York
98%
2 559,897 California
93%
6 155,010 Florida
90%
1 586,517 Minnesota
87%
9 127,871 Texas
86%
3 303,044 Illinois
80%
5 161,301 Michigan
80%
4 213,134 Washington
79%
7 149,977 Wisconsin
76%
10 119,267 Massachusetts
54%
No matching quizzes found
Score Distribution
Percent of People with Each Score
Percentile by Number Answered
Your Score History
You have not taken this quiz